000 00357cam a2200157ua 4500
041 _aeng
_h
082 _a823.308
_bBUC/PO
100 _aBuchan, John.
245 _aPower house /
_cJohn Buchan.
_hTextual Documents
250 _a1 /
_b.
260 _aLondon :
_bLongman ,
_c1965.
300 _a123 ; .
504 _a
942 _cBK
999 _c7859
_d7859